00467nam a2200169Ia 4500003000400000005001700004008004100021020002900062040001700091082002000108100002000128245005100148260003500199300001100234650002900245650002300274IIN20250521115045.0231217s9999 xx 000 0 und d cRs.295.00a9788181914330 aIINbEnglish a362.10425 bKUL1 aKulkarni, A.T. 1 aHandbook of Community Medicine/cA.T. Kulkarni aHyderabadbParas Medicalc2015 a296 p.1 aCommunity Health Nursing1 aCommunity Medicine